[Event "Giessen-ch"]
[Site "Giessen"]
[Date "2008.02.15"]
[Round "2"]
[White "Thomanek, Martin"]
[Black "Schwirz, Ulrich"]
[Result "1-0"]
[WhiteElo "1892"]
[BlackElo "1334"]
[PlyCount "39"]
[EventDate "2008.02.01"]
[EventType "swiss"]
[EventRounds "7"]
[EventCountry "GER"]
[SourceTitle "EXT 2010"]
[Source "ChessBase"]
[SourceDate "2010.11.25"]
[SourceVersion "1"]
[SourceVersionDate "2010.11.25"]
[SourceQuality "1"]

1. d4 Nf6 2. c4 g6 3. Nc3 d5 4. cxd5 Nxd5 5. e4 Nxc3 6. bxc3 Bg7 7. Bc4 c5 8. Ne2 0-0 9. 0-0 cxd4 10. cxd4 Nc6 11. Be3 a6 12. Rc1 e6 13. e5 h6 14. Qd2 Kh7 15. Ng3 Ne7 16. Ne4 b5 17. Bd3 Nf5 18. Nc5 Nxd4 19. Bxd4 Qxd4 20. Bxg6+ 1-0

[Event "Giessen-ch"]
[Site "Giessen"]
[Date "2008.02.01"]
[Round "1"]
[White "Szwarc, Klaus Peter"]
[Black "Thomanek, Martin"]
[Result "1-0"]
[WhiteElo "1892"]
[BlackElo "1892"]
[PlyCount "83"]
[EventDate "2008.02.01"]
[EventType "swiss"]
[EventRounds "7"]
[EventCountry "GER"]
[SourceTitle "EXT 2010"]
[Source "ChessBase"]
[SourceDate "2010.11.25"]
[SourceVersion "1"]
[SourceVersionDate "2010.11.25"]
[SourceQuality "1"]

1. c4 c6 2. Nf3 d5 3. e3 Nf6 4. Nc3 Bg4 5. Qb3 Qb6 6. Ne5 e6 7. d4 Nbd7 8. Nxg4 Nxg4 9. Qd1 Ngf6 10. c5 Qc7 11. f4 b6 12. cxb6 axb6 13. Bd3 Be7 14. 0-0 0-0 15. Qc2 Rfb8 16. Bd2 Nf8 17. Rfc1 Qd8 18. a4 c5 19. Qd1 Rc8 20. Qf3 N6d7 21. g4 Nb8 22. Nb5 Nc6 23. Bc3 c4 24. Bc2 Bb4 25. Kh1 Qe7 26. e4 Bxc3 27. bxc3 Rd8 28. e5 g6 29. f5 Qg5 30. Rf1 Rd7 31. Rf2 Nd8 32. Rg1 Kh8 33. f6 Nb7 34. Qg3 h5 35. gxh5 Qxg3 36. Rxg3 Na5 37. Rh3 Kg8 38. Rg2 Nb3 39. hxg6 Rxa4 40. g7 Ra1+ 41. Rg1 Rxg1+ 42. Kxg1 1-0

[Event "GER District 3-ch"]
[Site "Germany"]
[Date "2003.??.??"]
[Round "2"]
[White "Danner, Lambert"]
[Black "Thomanek, Martin"]
[Result "1-0"]
[WhiteElo "2075"]
[BlackElo "1715"]
[PlyCount "57"]
[EventDate "2003.??.??"]
[EventType "swiss"]
[EventRounds "7"]
[EventCountry "GER"]
[SourceTitle "EXT 2007"]
[Source "ChessBase"]
[SourceDate "2006.11.23"]
[SourceVersion "1"]
[SourceVersionDate "2006.11.23"]
[SourceQuality "1"]

1. c4 Nf6 2. Nc3 c6 3. g3 d5 4. cxd5 cxd5 5. d4 Nc6 6. Nf3 Bf5 7. Bg2 e6 8. Bg5 Qb6 9. Qb3 Nd7 10. 0-0 f6 11. Be3 Be7 12. Rfc1 Kf7 13. Nh4 Qxb3 14. axb3 Bg6 15. g4 Nb4 16. Nxg6 Kxg6 17. Bf4 h5 18. h3 hxg4 19. hxg4 Rh4 20. Bf3 Kf7 21. Bg3 Rhh8 22. e4 Nc6 23. exd5 Nxd4 24. dxe6+ Nxe6 25. Bxb7 Ndc5 26. Bd5 Rad8 27. Re1 Rd6 28. Bxd6 Bxd6 29. Rxa7+ 1-0

[Event "Bad Zwesten op 6th"]
[Site "Bad Zwesten"]
[Date "2002.01.05"]
[Round "3"]
[White "Thomanek, Martin"]
[Black "Schnabel, Michael"]
[Result "0-1"]
[WhiteElo "1689"]
[BlackElo "2069"]
[PlyCount "106"]
[EventDate "2002.01.04"]
[EventType "swiss"]
[EventRounds "9"]
[EventCountry "GER"]
[SourceTitle "CBM 086 Extra"]
[Source "ChessBase"]
[SourceDate "2002.03.14"]
[SourceVersion "1"]
[SourceVersionDate "2002.03.14"]
[SourceQuality "1"]

1. d4 Nf6 2. c4 c5 3. d5 b5 4. cxb5 a6 5. Nc3 d6 6. e4 g6 7. Nf3 Bg7 8. Bf4 0-0 9. Qd2 Nbd7 10. bxa6 Ng4 11. h4 h5 12. Be2 Qa5 13. Nh2 Nde5 14. f3 Nxh2 15. Rxh2 Bxa6 16. Bxa6 Qxa6 17. Bxe5 Bxe5 18. f4 Bg7 19. Qe2 Qa5 20. e5 Qb4 21. g3 Qd4 22. Rg2 Rfb8 23. Rd1 Qb4 24. Kf1 Kh7 25. Rf2 f5 26. Kg2 Rf8 27. Rd3 Rfb8 28. Re3 Rb7 29. exd6 exd6 30. Re7 Raa7 31. Rxb7 Rxb7 32. a3 Qd4 33. Qd2 Qc4 34. Qe2 Qd4 35. Qd2 Rb3 36. Qxd4 Bxd4 37. Rc2 Bxc3 38. Rxc3 Rxb2+ 39. Kf3 Rd2 40. Re3 Rxd5 41. a4 c4 42. Ra3 Ra5 43. Ke3 Kg7 44. Kd4 d5 45. Ra2 Kf7 46. Ra1 Ke6 47. Ra2 Kd6 48. Ra1 Kc6 49. Ra2 Ra8 50. a5 Kb5 51. Rb2+ Ka4 52. Kxd5 c3 53. Rb1 c2 0-1

[Event "Bad Zwesten op 4th"]
[Site "Bad Zwesten"]
[Date "2000.01.19"]
[Round "9"]
[White "Thomanek, Martin"]
[Black "Petiko, Jakob"]
[Result "0-1"]
[WhiteElo "1355"]
[BlackElo "1842"]
[PlyCount "70"]
[EventDate "2000.01.??"]
[EventType "swiss"]
[EventRounds "9"]
[EventCountry "GER"]
[SourceTitle "EXT 2001"]
[Source "ChessBase"]
[SourceDate "2000.11.22"]
[SourceVersion "1"]
[SourceVersionDate "2000.11.22"]
[SourceQuality "1"]

1. d4 d6 2. c4 Nf6 3. Nc3 c6 4. e4 Qa5 5. f3 e5 6. d5 c5 7. Bd2 g6 8. Nb5 Qd8 9. Qa4 Bd7 10. Qb3 Na6 11. Ne2 Nc7 12. Nbc3 Rb8 13. a4 b6 14. g4 h5 15. g5 Nh7 16. h4 f6 17. Rg1 Rg8 18. 0-0-0 fxg5 19. hxg5 Be7 20. f4 exf4 21. Bxf4 Bxg5 22. Rxg5 Nxg5 23. Bxd6 Nf7 24. Nb5 Nxb5 25. Bxb8 Qxb8 26. axb5 Qe5 27. Rd3 g5 28. Re3 g4 29. Ng3 h4 30. Nf5 Qf4 31. Qd3 g3 32. Bg2 h3 33. Bxh3 g2 34. Bxg2 Rxg2 35. Qa3 Qf1+ 0-1

[Event "Bad Zwesten op 4th"]
[Site "Bad Zwesten"]
[Date "2000.01.13"]
[Round "6"]
[White "Thomanek, Martin"]
[Black "Bolte, Christoph Matt"]
[Result "1/2-1/2"]
[WhiteElo "1355"]
[BlackElo "1753"]
[PlyCount "23"]
[EventDate "2000.01.??"]
[EventType "swiss"]
[EventRounds "9"]
[EventCountry "GER"]
[SourceTitle "EXT 2001"]
[Source "ChessBase"]
[SourceDate "2000.11.22"]
[SourceVersion "1"]
[SourceVersionDate "2000.11.22"]
[SourceQuality "1"]

1. d4 Nf6 2. c4 c5 3. d5 e5 4. Nc3 d6 5. e4 Be7 6. Be2 0-0 7. f4 exf4 8. Bxf4 Nbd7 9. Nh3 Re8 10. 0-0 Nf8 11. Nf2 Ng6 12. Bg3 1/2-1/2

[Event "Bad Zwesten op 4th"]
[Site "Bad Zwesten"]
[Date "2000.01.05"]
[Round "1"]
[White "Schaffarczyk, Andre"]
[Black "Thomanek, Martin"]
[Result "1-0"]
[WhiteElo "2108"]
[BlackElo "1355"]
[PlyCount "79"]
[EventDate "2000.01.??"]
[EventType "swiss"]
[EventRounds "9"]
[EventCountry "GER"]
[SourceTitle "EXT 2001"]
[Source "ChessBase"]
[SourceDate "2000.11.22"]
[SourceVersion "1"]
[SourceVersionDate "2000.11.22"]
[SourceQuality "1"]

1. e4 c6 2. d4 d5 3. Nc3 dxe4 4. Nxe4 Bf5 5. Ng3 Bg6 6. Nf3 Nd7 7. h4 h6 8. h5 Bh7 9. Bd3 Bxd3 10. Qxd3 e6 11. Bf4 Ngf6 12. 0-0-0 Qa5 13. Kb1 0-0-0 14. Qe2 Be7 15. c4 Rhe8 16. Ne5 Nxe5 17. dxe5 Nd7 18. Rhe1 Bb4 19. Rf1 Nc5 20. a3 Nb3 21. axb4 Qa1+ 22. Kc2 Qa4 23. Kc3 c5 24. bxc5 Nxc5 25. Rd6 Qb3+ 26. Kd2 Qxb2+ 27. Kd1 Qb1+ 28. Bc1 Nd3 29. Qc2 Qxc2+ 30. Kxc2 Nxe5 31. Rxd8+ Rxd8 32. Bb2 Nxc4 33. Bxg7 Rg8 34. Bxh6 e5 35. Bc1 Rg4 36. h6 Rg8 37. h7 Rh8 38. Rh1 Nb6 39. Bg5 Nd7 40. Ne4 1-0